| 000 | 00924cam a22002654a 4500 | ||
|---|---|---|---|
| 001 | 3575905 | ||
| 005 | 20250723134138.0 | ||
| 008 | 990323s1999 cau b 000 0 eng | ||
| 020 |
_a0060600632 _qcloth |
||
| 020 |
_a0060600640 _qpbk. |
||
| 020 |
_a9780060600631 _q(cloth) |
||
| 020 |
_a9780060600648 _q(pbk.) |
||
| 041 | 1 |
_aeng _hheb |
|
| 050 | 0 | 0 |
_aBS895 _b.A24 1999 |
| 082 | 0 | 0 |
_a221.4/4 _221 |
| 245 | 1 | 4 |
_aThe Dead Sea scrolls Bible : _bthe oldest known Bible / _ctranslated for the first time into English [by] Martin Abegg, Jr., Peter Flint, and Eugene Ulrich. |
| 250 | _a1st ed. | ||
| 260 |
_aSan Francisco, Calif. : _bHarperSan Francisco, _cc1999. |
||
| 300 |
_axxii, 649 p. ; _c25 cm. |
||
| 700 | 1 |
_aAbegg, Martin G., _cJr. |
|
| 700 | 1 | _aFlint, Peter W. | |
| 700 | 1 |
_aUlrich, Eugene, _d1938- |
|
| 856 | 4 | 2 |
_3Publisher description _uhttp://www.loc.gov/catdir/description/hc043/99026866.html |
| 942 |
_2lcc _cREF _n0 |
||
| 999 |
_c7112 _d7112 |
||